000 00468nam a22001817a 4500
005 20160901112341.0
008 160901b xxu||||| |||| 00| 0 eng d
020 _a9781118140628
040 _cPK-LaUMT
082 _a621.042
_bMAS-R
100 _aMasters, Gilbert M.
245 _aRenewable and efficient electric power systems
_cGilbert M. Masters
250 _a2nd
260 _aNew Jersey
_bWiley
_c2013
300 _a690 p.
546 _aEnglish
942 _cBK
999 _c87785
_d87785